Del aula y sus muros : cuentos /
Selección de once cuentos latinoamericanos que se circunscriben al espacio social escolar sobre situaciones que han sido abordados por la psicología y la sociología. Los escritores de dichos cuentos son César Vallejo, Guadalupe Dueñas, Mario Vargas Llosa, Vicente Leñero, Ana María Matute, Juan de la...
Guardado en:
| Hovedforfatter: | |
|---|---|
| Format: | Bog |
| Sprog: | spansk |
| Udgivet: |
México :
Secretaría de Educación Pública : El Caballito,
1985, c1985
|
| Serier: | (Biblioteca pedagógica SEP ;
5) |
| Fag: | |
| Tags: |
Ingen Tags, Vær først til at tagge denne postø!
|
MARC
| LEADER | 00000nam^a2200000^a^4500 | ||
|---|---|---|---|
| 001 | 000175342 | ||
| 005 | 20250625000000.0 | ||
| 009 | 20260310101601.743 | ||
| 020 | |a 968-6011-76-5 | ||
| 025 | |a Donación sin dato, 1 ejemplar | ||
| 037 | |a Acervo ITESO - Biblioteca | ||
| 041 | |a ESP | ||
| 082 | |a 370. |b BIB V. 5 | ||
| 100 | |a Molina A., Alicia |e (antología) | ||
| 240 | 1 | 1 | |a [Biblioteca pedagógica SEP] |
| 245 | 1 | 0 | |a Del aula y sus muros : |b cuentos / |c Antología de A. Molina A. |
| 264 | 4 | |a México : |b Secretaría de Educación Pública : |b El Caballito, |c 1985, c1985 | |
| 300 | |a 158 p. | ||
| 336 | |a texto |b txt |2 rdacontenido | ||
| 337 | |a sin mediación |b n |2 rdamedio | ||
| 338 | |a volumen |b nc |2 rdasoporte | ||
| 440 | 1 | |a (Biblioteca pedagógica SEP ; |v 5) | |
| 520 | |a Selección de once cuentos latinoamericanos que se circunscriben al espacio social escolar sobre situaciones que han sido abordados por la psicología y la sociología. Los escritores de dichos cuentos son César Vallejo, Guadalupe Dueñas, Mario Vargas Llosa, Vicente Leñero, Ana María Matute, Juan de la Cabada, José de la Colina, Juan Tovar, Efrén Hernández, Héctor Sandro y Mauricio Magdaleno. | ||
| 649 | |a XX | ||
| 650 | |a Cuentos Latinoamericanos | ||
| 650 | |a Literatura Latinoamericana - |y Siglo XX | ||
| 650 | |a Educación en la Literatura | ||
| 910 | |a Fondo General | ||
| 920 | |a Impresos - Libros | ||
| 930 | |a Colección General | ||
| 905 | |a 101 | ||
| 901 | |a 0181460100 |b IT1 |c ACC |i D |u 20250521 | ||
| 901 | |a 0500153326 |b IT1 |c ACC |d DT |i D |u 20250625 | ||
| 902 | |a https://opac.biblio.iteso.mx/vufind/Record/000175342 | ||